[Event "Tournoi francophone 016 Groupe H"]
[Site "Skype"]
[Date "????.??.??"]
[Round "5.7"]
[White "Cassano, Mariangela"]
[Black "Schnell, Nicolas"]
[Result "0-1"]
[WhiteElo "1000"]
[BlackElo "1000"]
[PlyCount "34"]

1. e4 e5 2. d3 Nf6 3. Nf3 Nc6 4. Be2 Bc5 5. Bf4 exf4 6. O-O Be7 7. c3 d6 8. d4
d5 9. exd5 Nxd5 10. Bd3 Bg4 11. h3 Bh5 12. Nbd2 O-O 13. Qc2 g6 14. Rfe1 Bd6 15.
Ng5 Qxg5 16. Nf3 Bxf3 17. h4 Qxg2# 0-1

[Event "Tournoi francophone 016 Groupe H"]
[Site "Skype"]
[Date "????.??.??"]
[Round "6.1"]
[White "Somers, Luc"]
[Black "Prieto, Jairo Ovidio"]
[Result "1-0"]
[WhiteElo "1000"]
[BlackElo "1084"]
[PlyCount "65"]

1. d4 d5 2. c4 Nf6 3. cxd5 Nxd5 4. e4 Nf6 5. Nc3 e6 6. Bg5 Be7 7. Nf3 O-O 8.
Bd3 b6 9. O-O Bb7 10. Rc1 Nfd7 11. Bxe7 Qxe7 12. Qd2 e5 13. Nd5 Bxd5 14. exd5
exd4 15. Rfe1 Qd6 16. Nxd4 a6 17. Nf5 Qf6 18. Rxc7 Ne5 19. Be4 Nbd7 20. f4 Ng6
21. Rxd7 Rfd8 22. Rxd8+ Qxd8 23. d6 Ra7 24. Bc6 Rd7 25. Bxd7 Qxd7 26. Qe3 Qxf5
27. Qe8+ Nf8 28. Rd1 Qc5+ 29. Kh1 Qc2 30. Re1 g6 31. d7 Kg7 32. d8=Q Ne6 33.
Qg8+ 1-0

[Event "Tournoi francophone 016 Groupe H"]
[Site "Skype"]
[Date "????.??.??"]
[Round "6.2"]
[White "Dib, Catherine"]
[Black "Lognos, Lina"]
[Result "0-1"]
[WhiteElo "1052"]
[BlackElo "1000"]
[PlyCount "80"]

1. Nf3 d5 2. c4 Nf6 3. g3 dxc4 4. Na3 Be6 5. Bg2 Nc6 6. O-O g6 7. b3 Bg7 8. Bb2
cxb3 9. axb3 a6 10. d4 Na5 11. Nd2 Nd5 12. Nac4 Nxc4 13. Nxc4 Rb8 14. Qd2 O-O
15. e4 Nb6 16. Nxb6 cxb6 17. d5 Bxb2 18. Qxb2 Bd7 19. Rfd1 Qc8 20. Rac1 Qe8 21.
e5 Rc8 22. Rxc8 Qxc8 23. d6 e6 24. Rc1 Qd8 25. Rc7 Bc6 26. Bxc6 bxc6 27. Rxc6
f5 28. Qd4 a5 29. Rxb6 Rf7 30. Rc6 Rd7 31. Qc5 Kg7 32. Rc7 Kh6 33. Kg2 Qe8 34.
Qc6 Rd8 35. d7 Qg8 36. Rc8 g5 37. Qc7 f4 38. Rxd8 f3+ 39. Kf1 Qg6 40. Re8 Qb1+
0-1

[Event "Tournoi francophone 016 Groupe H"]
[Site "Skype"]
[Date "????.??.??"]
[Round "6.3"]
[White "Porcabeuf, Jean-Marc"]
[Black "Vervoort, Jean-Louis"]
[Result "1/2-1/2"]
[WhiteElo "1229"]
[BlackElo "1273"]
[PlyCount "73"]

1. d4 d5 2. Nf3 Bf5 3. e3 e6 4. c4 c6 5. a3 Nd7 6. Nc3 Nb6 7. cxd5 cxd5 8. Bb5+
Nd7 9. Ne5 Ngf6 10. O-O Bd6 11. Nf3 O-O 12. Re1 Ng4 13. Bd3 Bg6 14. Bxg6 fxg6
15. e4 Bc7 16. e5 Nh6 17. Bg5 Qe8 18. Qd2 Rf7 19. Bxh6 gxh6 20. Qxh6 Qf8 21.
Qh3 Ba5 22. b4 Bb6 23. Re3 Bxd4 24. Nxd4 Rxf2 25. Rf3 Rxf3 26. Nxf3 Qg7 27. Ng5
Nxe5 28. Rf1 d4 29. Nxe6 Qh8 30. Nxd4 Nc4 31. Ne4 Qxd4+ 32. Kh1 Qxe4 33. Qd7
Qe2 34. Qf7+ Kh8 35. h3 Nd2 36. Qf6+ Kg8 37. Qf7+ 1/2-1/2

[Event "Tournoi francophone 016 Groupe H"]
[Site "Skype"]
[Date "????.??.??"]
[Round "6.4"]
[White "Coude, Josue"]
[Black "Moraga Vasquez, Michael"]
[Result "1/2-1/2"]
[WhiteElo "1043"]
[BlackElo "1136"]
[PlyCount "53"]

1. d4 Nf6 2. Bf4 g6 3. Nf3 Bg7 4. e3 d6 5. Bd3 Nbd7 6. c4 b6 7. Nc3 O-O 8. d5
Re8 9. Qd2 e5 10. Bg5 h6 11. Bxf6 Bxf6 12. Ne4 Bg7 13. O-O Nc5 14. b4 Nxe4 15.
Bxe4 f5 16. Bc2 e4 17. Nd4 Qg5 18. Ba4 Rf8 19. Nc6 Bxa1 20. Rxa1 Bd7 21. f4
exf3 22. g3 f4 23. Kf2 fxe3+ 24. Qxe3 Qxe3+ 25. Kxe3 Bxc6 26. Bxc6 Rf7 27. Bxa8
1/2-1/2

[Event "Tournoi francophone 016 Groupe H"]
[Site "Skype"]
[Date "????.??.??"]
[Round "6.6"]
[White "Hampton, Irene"]
[Black "Dida, Brahim"]
[Result "0-1"]
[WhiteElo "1003"]
[BlackElo "1000"]
[PlyCount "66"]

1. d4 d5 2. Bf4 Nc6 3. e3 Bf5 4. Nc3 e6 5. Bd3 Bxd3 6. Qxd3 Nf6 7. O-O-O Ng4 8.
Qe2 Nf6 9. Nf3 Bd6 10. Bg3 O-O 11. Kb1 b6 12. h4 h6 13. h5 a6 14. Ne1 b5 15. f3
Bxg3 16. e4 b4 17. e5 Bxe5 18. dxe5 bxc3 19. bxc3 Qb8+ 20. Kc1 Rd8 21. exf6
gxf6 22. f4 d4 23. Qf3 Qb7 24. f5 exf5 25. g4 fxg4 26. Qg3 f5 27. Rf1 Rd5 28.
Ng2 Re8 29. Nf4 Re3 30. Qh4 Rd6 31. c4 Nb4 32. c5 Nxa2+ 33. Kd2 Qb4+ 0-1

[Event "Tournoi francophone 016 Groupe H"]
[Site "Skype"]
[Date "????.??.??"]
[Round "6.7"]
[White "Trapletti, Cosetta"]
[Black "Cassano, Mariangela"]
[Result "1-0"]
[WhiteElo "1000"]
[BlackElo "1000"]
[PlyCount "23"]

1. c4 d5 2. e3 Nf6 3. d4 dxc4 4. Bxc4 e6 5. Nc3 b6 6. Nf3 Bb7 7. a3 Nbd7 8. e4
e5 9. Be3 Bd6 10. dxe5 O-O 11. exd6 cxd6 12. Nd5 1-0

[Event "Tournoi francophone 016 Groupe H"]
[Site "Skype"]
[Date "????.??.??"]
[Round "7.2"]
[White "Coude, Josue"]
[Black "Prieto, Jairo Ovidio"]
[Result "1/2-1/2"]
[WhiteElo "1043"]
[BlackElo "1084"]
[PlyCount "38"]

1. d4 d5 2. Bf4 e6 3. Nf3 Bd6 4. Bxd6 Qxd6 5. e3 Nf6 6. c4 Qb4+ 7. Qd2 Qxd2+ 8.
Nbxd2 O-O 9. Bd3 h6 10. O-O Nc6 11. a3 Re8 12. Rfe1 e5 13. dxe5 Nxe5 14. Nxe5
Rxe5 15. f4 Re7 16. Rac1 Be6 17. f5 Bc8 18. cxd5 Nxd5 19. Bc4 Nf6 1/2-1/2

[Event "Tournoi francophone 016 Groupe H"]
[Site "Skype"]
[Date "????.??.??"]
[Round "7.3"]
[White "Moraga Vasquez, Michael"]
[Black "Vervoort, Jean-Louis"]
[Result "1-0"]
[WhiteElo "1136"]
[BlackElo "1273"]
[PlyCount "37"]

1. e4 e5 2. Nf3 Nc6 3. Bb5 d6 4. O-O Bg4 5. h3 Bh5 6. c3 Nf6 7. d3 Be7 8. Nbd2
a6 9. Ba4 b5 10. Bb3 O-O 11. Re1 d5 12. exd5 Nxd5 13. Nf1 Nf6 14. Ng3 Bxf3 15.
Qxf3 h6 16. Nf5 Bc5 17. Bxh6 gxh6 18. Qg3+ Kh7 19. Qg7# 1-0

[Event "Tournoi francophone 016 Groupe H"]
[Site "Skype"]
[Date "????.??.??"]
[Round "7.4"]
[White "Porcabeuf, Jean-Marc"]
[Black "Blanchard, Colette"]
[Result "0-1"]
[WhiteElo "1229"]
[BlackElo "1000"]
[PlyCount "66"]

1. d4 d5 2. Nf3 Nf6 3. Bf4 Bf5 4. e3 e6 5. Nbd2 Be7 6. c4 c6 7. cxd5 cxd5 8.
Bb5+ Nfd7 9. O-O O-O 10. Re1 Nb6 11. Bf1 N8d7 12. e4 dxe4 13. Nxe4 Nd5 14. Bg3
N7f6 15. Nxf6+ Bxf6 16. Be5 Rc8 17. Bd3 Bg6 18. Bxf6 Nxf6 19. Bxg6 hxg6 20. Qd3
Nh7 21. Rad1 Qd5 22. Ne5 Rcd8 23. Qe3 Rde8 24. Qg3 f6 25. Nxg6 Kf7 26. Nxf8
Rxf8 27. f4 Re8 28. Qh3 Nf8 29. f5 e5 30. dxe5 Qxa2 31. e6+ Kg8 32. Qh4 Qxb2
33. Qxf6 gxf6 0-1

[Event "Tournoi francophone 016 Groupe H"]
[Site "Skype"]
[Date "????.??.??"]
[Round "7.5"]
[White "Dib, Catherine"]
[Black "Trapletti, Cosetta"]
[Result "1-0"]
[WhiteElo "1052"]
[BlackElo "1000"]
[PlyCount "93"]

1. Nf3 d5 2. c4 dxc4 3. Na3 c3 4. bxc3 c5 5. g3 Bf5 6. Bg2 Nc6 7. d3 e5 8. O-O
Nf6 9. Bd2 Qd7 10. Re1 Bh3 11. Bh1 Be7 12. Nc4 O-O 13. Ncxe5 Qe6 14. Nxc6 bxc6
15. e4 c4 16. Ng5 Qg4 17. Nxh3 Qxh3 18. Bg2 Qd7 19. dxc4 Qd3 20. e5 Ne4 21.
Bxe4 Qxc4 22. a4 Rab8 23. Qc2 g6 24. a5 Bd8 25. Ra4 Qc5 26. Bf4 Bc7 27. Be3
Qxe5 28. Bd4 Qe6 29. Qd2 f5 30. Bg2 Qxe1+ 31. Qxe1 f4 32. Bc5 Rf5 33. Rxf4 Re5
34. Qd1 Rxc5 35. h4 Rxc3 36. Qg4 Rc8 37. Qxc8+ Kg7 38. Qxc7+ Kh6 39. Qe5 Rc1+
40. Kh2 c5 41. Qg5+ Kg7 42. h5 Re1 43. Qf6+ Kh6 44. Rg4 Re8 45. hxg6 Rg8 46.
g7+ Kh5 47. Qg5# 1-0

[Event "Tournoi francophone 016 Groupe H"]
[Site "Skype"]
[Date "????.??.??"]
[Round "7.7"]
[White "Schnell, Nicolas"]
[Black "Gagnon, Sindy"]
[Result "1-0"]
[WhiteElo "1000"]
[BlackElo "1000"]
[PlyCount "41"]

1. e4 e5 2. Nc3 b6 3. Bc4 Qf6 4. Bd5 c6 5. Bc4 b5 6. Nxb5 cxb5 7. Bxb5 Bc5 8.
Nf3 a6 9. Bc4 Bb7 10. d3 Qg6 11. Qe2 Qxg2 12. Rg1 Qh3 13. Ng5 Ne7 14. Nxh3 d5
15. Bb3 dxe4 16. dxe4 f5 17. Ng5 fxe4 18. Nf7 Rg8 19. Qh5 Kd7 20. Nxe5+ Kd6 21.
Bxg8 1-0

[Event "Tournoi francophone 016 Groupe H"]
[Site "Skype"]
[Date "????.??.??"]
[Round "8.1"]
[White "Prieto, Jairo Ovidio"]
[Black "Dib, Catherine"]
[Result "1/2-1/2"]
[WhiteElo "1084"]
[BlackElo "1052"]
[PlyCount "83"]

1. e4 c5 2. Nf3 d6 3. d4 cxd4 4. Nxd4 Nf6 5. Bd3 e5 6. Nf3 Be7 7. O-O O-O 8.
Re1 Nbd7 9. Be3 b6 10. Qe2 a6 11. c4 Bb7 12. Nc3 Qc7 13. b3 Bc6 14. a4 Rab8 15.
Rec1 Nc5 16. Rab1 Rfd8 17. Bxc5 bxc5 18. h3 Rb7 19. Qa2 Qd7 20. Nd5 Rdb8 21.
Nd2 Bxd5 22. cxd5 Bd8 23. Bxa6 Rb6 24. Bb5 Qc8 25. Nc4 Rxb5 26. axb5 Nxe4 27.
Qe2 f5 28. Rc2 Rxb5 29. Nd2 Rb4 30. f3 Nxd2 31. Qxd2 Bb6 32. Rc4 Qb8 33. Qd3
Qa7 34. Qc2 Ba5 35. Qxf5 Qb6 36. Qe6+ Kf8 37. Qc8+ Kf7 38. Qd7+ Kf8 39. Qc8+
Kf7 40. Qe6+ Kf8 41. Qc8+ Kf7 42. Qe6+ 1/2-1/2

[Event "Tournoi francophone 016 Groupe H"]
[Site "Skype"]
[Date "????.??.??"]
[Round "8.2"]
[White "Vervoort, Jean-Louis"]
[Black "Lognos, Lina"]
[Result "1-0"]
[WhiteElo "1273"]
[BlackElo "1000"]
[PlyCount "69"]

1. d4 Nf6 2. Nd2 g6 3. Ndf3 d6 4. Bf4 Bg7 5. Nd2 O-O 6. e3 Nbd7 7. c3 Re8 8.
Ngf3 Nh5 9. Bg3 e5 10. Qc2 exd4 11. cxd4 Re7 12. O-O-O Nb6 13. Bd3 Nd5 14. Rde1
Nb4 15. Qb1 Nxd3+ 16. Qxd3 Nxg3 17. hxg3 Be6 18. b3 Qd7 19. Ng5 Qc6+ 20. Kb1
Qxg2 21. Ref1 h6 22. Rhg1 Qc6 23. Nxe6 fxe6 24. Qxg6 a5 25. Rh1 Kf8 26. f4 a4
27. g4 a3 28. g5 Qc3 29. Nc4 b5 30. gxh6 bxc4 31. hxg7+ Rxg7 32. Qf6+ Kg8 33.
Qxe6+ Rf7 34. Rfg1+ Kf8 35. Rh8# 1-0

[Event "Tournoi francophone 016 Groupe H"]
[Site "Skype"]
[Date "????.??.??"]
[Round "8.4"]
[White "Moraga Vasquez, Michael"]
[Black "Porcabeuf, Jean-Marc"]
[Result "1-0"]
[WhiteElo "1136"]
[BlackElo "1229"]
[PlyCount "33"]

1. e4 e5 2. Nf3 Nc6 3. Bb5 Nb8 4. Nxe5 c6 5. Bc4 d5 6. exd5 cxd5 7. Bb5+ Nc6 8.
O-O Nf6 9. Nxc6 bxc6 10. Bxc6+ Bd7 11. Re1+ Ne4 12. Bxa8 Qxa8 13. d3 Bc5 14.
dxe4 dxe4 15. Nc3 e3 16. Bxe3 Qb8 17. Bxc5+ 1-0

[Event "Tournoi francophone 016 Groupe H"]
[Site "Skype"]
[Date "????.??.??"]
[Round "8.5"]
[White "Trapletti, Cosetta"]
[Black "Schnell, Nicolas"]
[Result "0-1"]
[WhiteElo "1000"]
[BlackElo "1000"]
[PlyCount "76"]

1. d4 e6 2. e4 Nc6 3. Nf3 Nf6 4. Bf4 Bd6 5. e5 Bb4+ 6. c3 Ba5 7. exf6 Qxf6 8.
Bc4 Qxf4 9. Nbd2 d5 10. Be2 e5 11. b4 Bb6 12. a4 a5 13. b5 Ne7 14. c4 dxc4 15.
Nxc4 e4 16. Nfe5 O-O 17. Qc2 Bxd4 18. Rb1 Qxf2+ 19. Kd2 Qf4+ 20. Ke1 Qh4+ 21.
g3 Qh3 22. Qxe4 Bc3+ 23. Kd1 Nf5 24. g4 Ng3 25. Re1 Nxe4 26. Bf1 Nf2+ 27. Ke2
Qxh2 28. Nf3 Bxg4 29. Rec1 Bd4 30. Ne3 Nh3+ 31. Kd3 Nf4+ 32. Kxd4 Qh6 33. Nxg4
Rad8+ 34. Ke4 Rfe8+ 35. Nge5 f5+ 36. Kxf5 Rf8+ 37. Ke4 Ng6 38. Rxc7 Qf4# 0-1

[Event "Tournoi francophone 016 Groupe H"]
[Site "Skype"]
[Date "????.??.??"]
[Round "8.6"]
[White "Cassano, Mariangela"]
[Black "Hampton, Irene"]
[Result "0-1"]
[WhiteElo "1000"]
[BlackElo "1003"]
[PlyCount "60"]

1. e4 c6 2. c4 d6 3. Nf3 Nf6 4. d4 Bg4 5. Be2 Nbd7 6. Nbd2 c5 7. O-O e5 8. d5
Be7 9. b3 Qc7 10. Bb2 O-O-O 11. h3 Bh5 12. Bd3 h6 13. Qc2 g5 14. g4 Nxg4 15.
hxg4 Bxg4 16. Bc3 Kb8 17. Nh2 Bh3 18. Rfe1 Nf6 19. f3 Bf8 20. Qb2 Nh5 21. Kf2
Rc8 22. Re3 f6 23. Be2 Rg8 24. Ng4 Qg7 25. Kg1 Nf4 26. Bf1 h5 27. Nf2 g4 28.
fxg4 hxg4 29. Bxh3 gxh3+ 30. Kf1 Qg1# 0-1

[Event "Tournoi francophone 016 Groupe H"]
[Site "Skype"]
[Date "????.??.??"]
[Round "8.7"]
[White "Dida, Brahim"]
[Black "Gagnon, Sindy"]
[Result "0-1"]
[WhiteElo "1000"]
[BlackElo "1000"]
[PlyCount "54"]

1. d4 d5 2. Bf4 Nc6 3. Nf3 e6 4. e3 Be7 5. Nbd2 Nf6 6. c4 O-O 7. cxd5 exd5 8.
Nb3 Bb4+ 9. Nbd2 Bf5 10. a3 Ba5 11. b4 Bb6 12. Rc1 a5 13. Nb3 axb4 14. axb4
Nxb4 15. Bb5 c6 16. Be2 Be4 17. O-O Ra2 18. Ng5 Bc2 19. f3 Bxd1 20. Rfxd1 Rxe2
21. Kf1 Rb2 22. Nd2 Ba5 23. Rb1 Rc2 24. e4 dxe4 25. fxe4 Qxd4 26. Bb8 Bb6 27.
e5 Qf2# 0-1

[Event "Tournoi francophone 016 Groupe H"]
[Site "Skype"]
[Date "????.??.??"]
[Round "9.1"]
[White "Blanchard, Colette"]
[Black "Prieto, Jairo Ovidio"]
[Result "0-1"]
[WhiteElo "1000"]
[BlackElo "1084"]
[PlyCount "68"]

1. d4 d5 2. Bf4 e6 3. Nf3 Nc6 4. c3 Bd6 5. Ne5 Bxe5 6. dxe5 Nge7 7. e3 Ng6 8.
Bg3 Ngxe5 9. Bxe5 Nxe5 10. Nd2 O-O 11. Be2 b6 12. Qc2 c5 13. Nf3 Nc6 14. O-O c4
15. h3 f5 16. b3 e5 17. Rfd1 e4 18. Nd2 b5 19. bxc4 bxc4 20. Nxc4 Be6 21. Rab1
Rb8 22. Na3 Rf7 23. c4 d4 24. Qc1 Rd7 25. Bf1 d3 26. Rxb8 Qxb8 27. Rd2 Qe5 28.
c5 Rb7 29. Bxd3 exd3 30. Rxd3 Rd7 31. Rc3 Nb4 32. Qe1 Nd3 33. Qe2 Qxc3 34. Kh2
Qxa3 0-1

[Event "Tournoi francophone 016 Groupe H"]
[Site "Skype"]
[Date "????.??.??"]
[Round "9.2"]
[White "Dib, Catherine"]
[Black "Moraga Vasquez, Michael"]
[Result "0-1"]
[WhiteElo "1052"]
[BlackElo "1136"]
[PlyCount "76"]

1. Nf3 Nf6 2. c4 g6 3. g3 Bg7 4. Bg2 d6 5. d4 Nbd7 6. Nbd2 O-O 7. O-O b6 8. b3
Bb7 9. Bb2 Re8 10. Re1 e5 11. e3 exd4 12. Bxd4 Ne5 13. Qe2 c5 14. Bc3 d5 15.
cxd5 Nxf3+ 16. Bxf3 Bxd5 17. e4 Bf8 18. Qd3 Be6 19. Qxd8 Raxd8 20. Bxf6 Rxd2
21. Be2 Rc8 22. Ba6 Rc6 23. Bb5 Rc8 24. Rac1 Bh6 25. Rc3 Rxa2 26. Rd1 Rd2 27.
Ra1 a5 28. Rf3 Bg4 29. Rf4 Bxf4 30. gxf4 Rd1+ 31. Rxd1 Bxd1 32. Bc4 Ra8 33. Kg2
a4 34. bxa4 Rxa4 35. Bb5 Rxe4 36. f3 Rxf4 37. Kf1 Rxf6 38. Ke1 Bxf3 0-1

[Event "Tournoi francophone 016 Groupe H"]
[Site "Skype"]
[Date "????.??.??"]
[Round "9.5"]
[White "Hampton, Irene"]
[Black "Schnell, Nicolas"]
[Result "1-0"]
[WhiteElo "1003"]
[BlackElo "1000"]
[PlyCount "77"]

1. d4 e6 2. Bf4 Nc6 3. e3 Nf6 4. Nc3 Bb4 5. Nge2 Nd5 6. a3 Ba5 7. Bg3 d6 8. Qd2
e5 9. O-O-O exd4 10. Nxd4 Ne5 11. Qe2 O-O 12. f4 Ng4 13. Nxd5 Be6 14. Nxe6 fxe6
15. Nc3 Nf6 16. h4 c5 17. Qf3 d5 18. Be1 Qb6 19. g4 Qd6 20. g5 d4 21. Nb5 Qb6
22. gxf6 Rxf6 23. h5 e5 24. f5 Qa6 25. Nc7 Qc6 26. Qxc6 bxc6 27. Nxa8 Rxf5 28.
Bxa5 dxe3 29. Be2 Rf2 30. Bc4+ Kh8 31. Rhg1 Rf8 32. h6 g6 33. Bc3 Rf5 34. Bd3
Rf2 35. Bxe5+ Kg8 36. Bd6 e2 37. Rde1 c4 38. Bxc4+ Kh8 39. Be5+ 1-0

[Event "Tournoi francophone 016 Groupe H"]
[Site "Skype"]
[Date "????.??.??"]
[Round "9.6"]
[White "Porcabeuf, Jean-Marc"]
[Black "Trapletti, Cosetta"]
[Result "1-0"]
[WhiteElo "1229"]
[BlackElo "1000"]
[PlyCount "99"]

1. d4 d5 2. Nf3 Nf6 3. Bf4 e6 4. e3 Bb4+ 5. c3 Ba5 6. Bd3 Bd7 7. O-O O-O 8.
Nbd2 Nc6 9. Re1 Re8 10. e4 dxe4 11. Nxe4 e5 12. dxe5 Nxe5 13. Bxe5 Bb6 14.
Nxf6+ Kh8 15. Nxh7 f6 16. Nxf6 gxf6 17. Bf4 Rg8 18. Bg3 Bc6 19. Nh4 Qd5 20.
Qh5+ Kg7 21. Nf5+ Kf8 22. Be4 Qc5 23. Qh6+ Kf7 24. Bxc6 bxc6 25. Rad1 Rae8 26.
Qh7+ Kf8 27. Rxe8+ Kxe8 28. Qxg8+ Qf8 29. Qe6+ Qe7 30. Ng7+ Kf8 31. Qg4 a5 32.
h3 a4 33. Qh5 Qxg7 34. Re1 Qxg3 35. Qe8+ Kg7 36. Re7+ Kh6 37. Qf8+ Kh5 38. Qh8+
Kg5 39. Rg7+ Kf4 40. Qh6+ Kf5 41. Rxg3 Ke4 42. Qxf6 a3 43. b3 Kd5 44. h4 Kc5
45. h5 Kb5 46. h6 Kc5 47. h7 Kd5 48. h8=Q Bc5 49. Qh5+ Ke4 50. Qhf5# 1-0